Meaningful anagrams of capital cities #2 - Statistics

General Stats
  • This quiz has been taken 28 times
  • The average score is 4 of 10
Answer Stats
Hint Answer % Correct
oil trip Tripoli
78%
snowing hat Washington
70%
gore pains Singapore
65%
livable razz Brazzaville
52%
actuality game Guatemala City
35%
Asian got Santiago
35%
bears and a bear wing Bandar Seri Begawan
26%
ark mouth Khartoum
26%
Captain May Panama City
26%
oval trip Port Vila
22%
No matching quizzes found
Score Distribution
Percent of People with Each Score
Percentile by Number Answered
Your Score History
You have not taken this quiz